| 000 | 02433nam a22004217a 4500 | ||
|---|---|---|---|
| 003 | BO-EaUP | ||
| 005 | 20260504170128.0 | ||
| 008 | 260504b2022 ck ad|||ri||| 00| 0 spa d | ||
| 020 | _a978-958-503-237-8 | ||
| 040 |
_aBO-EaUP _cBiblioadmiempresas _eRDA _bspa |
||
| 041 |
_aspa _hspa |
||
| 043 | _as-ck | ||
| 082 |
_221 _a658.788 |
||
| 092 |
_a658.788 _SS5874l |
||
| 100 |
_aSilvera Escudero, Rodolfo Enrique _eAutor _955 |
||
| 245 | 1 | 0 |
_aLogística estadística : gestión e indicadores en la cadena de suministro / _cRodolfo Silvera E. |
| 250 | _aPrimera edición | ||
| 260 |
_aBogotá : _bEcoe Ediciones, _c2022 |
||
| 300 |
_axx, 162 páginas ; _bIlustraciones, cuadros, tablas.-- (Ciencias empresariales. Logística) ; _c17 x 24 centímetros ; _fRústico |
||
| 336 |
_2rdacontenido _atexto _btxt |
||
| 337 |
_2rdamedia _ano mediado _bn |
||
| 338 |
_avolumen _bnc _2rdacarrier |
||
| 505 | 2 | _aCapítulo 1. Informes logísticos con aplicación de cuadros y gráficas estadísticas | |
| 505 | 2 | _aCapítulo 2. Medidas de tendencia central aplicadas al aprovisionamiento de las mercancías | |
| 505 | 2 | _aCapítulo 3. Medidas de dispersión aplicadas al inventario y al almacenamiento de las mercancías.- | |
| 505 | 2 | _aCapítulo 4. Indicadores logísticos estadísticos aplicados al transporte y distribución de las cargas.- | |
| 505 | 2 | _aCapítulo 5. Operaciones logísticas en los centros de distribución con herramientas estadísticas.- | |
| 505 | 2 | _aCapítulo 6. Almacenamiento y distribución de las cargas de los operadores logísticos con utilización estadística.- | |
| 505 | 2 | _aCapítulo 7. Ejercicios generales propuestos del libro.-- | |
| 520 | _aEste libro se caracteriza por el manejo de ejercicios prácticos aplicados a los procesos logísticos de las empresas en general. | ||
| 521 | _aEsta obra va dirigida a estudiantes técnicos y tecnólogos en gestión logística, coordinadores de procesos logísticos, en desarrollo de operaciones logística y en integración de procesos logísticos, así como a estudiantes de pregrado y profesionales en Administración de Empresas, Economía, Ingeniería Industrial y Administración Logística. | ||
| 650 |
_aLOGÍSTICA EMPRESARIAL _91651 |
||
| 650 |
_aOPERACIONES Y PROYECTOS _95926 |
||
| 653 | _aADMINISTRACIÓN DE MATERIALES | ||
| 653 | _aCADENA DE ABASTECIMIENTOS | ||
| 653 | _aDISTRIBUCIÓN FISICA DE MERCANCÍAS | ||
| 942 |
_2ddc _cBK _n0 _e21 |
||
| 999 |
_c5511 _d5511 |
||